La víspera del degüello

Uloženo v:
Podrobná bibliografie
Hlavní autor: Díaz, Jorge
Médium: Kniha
Jazyk:Undetermined
Vydáno: Madrid, España Taurus 1967
Témata:
Tagy: Přidat tag
Žádné tagy, Buďte první, kdo vytvoří štítek k tomuto záznamu!

MARC

LEADER 00000nam a2200000Ia 4500
008 170316s9999 xx 000 0 und d
040 |a cru BVZT 
090 |a 860 D-9v 
100 |a Díaz, Jorge 
245 |a La víspera del degüello 
260 |a Madrid, España 
260 |b Taurus 
260 |c 1967 
300 |a 202 páginas 
650 |a LITERATURA LATINOAMERICANA 
999 |c 8637  |d 8637 
942 |c 15 D  |h 860 D-9v  |2 z